01311cam a2200277 i 45000010009000000050017000090080041000260100017000670200018000840200015001020400044001170410008001610600011001691000019001802450052001992600032002513000023002835050272003065200293005785460022008716500034008936500031009276500024009586500027009826500024010091894239020191001153055.0191001s2016 flua b 001 0 eng d a 2016000625 a9781498702430 a1498702430 aCO-BoUCMbspacSaul NiñodSaul Niño0 aeng aQH 5051 aLeake, Mark C.10aBiophysicsbtools and techniquescMark C. Leake aBoca RatonbCRC Pressc2016 axix, 390 páginas0 aOrientation for the bio-curious -- Making light work in biology -- Making light work harder in biology -- Detection and imaging tools that use non-optical waves -- Forces -- Complementary experimental tools -- Theoretical biophysics -- Emerging biophysics techniques. a"This book concerns one, simple question: What is life? If only the answer were as simple! In this book you will find a comprehensive discussion of the experimental and theoretical tools and techniques of biophysics which can be used to help us address that most innocuous of questions"-- aTexto en inglés 7aBiofísica vLibros de texto 7aBiología xMatemáticas 7aCiencias físicas  7aCiencias biológicas  7aCiencias naturales